000 00761nam a22002417a 4500
005 20170124105958.0
010 _aA-679390
020 _c75.00
035 _aA-679390
037 _bCen Lib/Ret
040 _aDPL
_bEN
082 _a338.04
_bGUP
100 _aGupta, C.B.
_988861
245 _aEntrepreneurial development :
_cby C.B. Gupta [and] N.P. Srinivasan
_btext and cases /
250 _a3rd rev. ed.
260 _aNew Delhi
_bSultan Chand & sons
_c1995
270 _a23, Darya Ganj
_bNew Delhi
_e110002
300 _aVarious pages
_c20cm(Hb)
650 _aEntrepreneurship
_988862
650 _aWomen-owned business enterprises--Law and legislation
_988863
700 _aSrinivasan, N.P.
_988864
942 _2ddc
_cEN
_h338.04
_mGUP
999 _c125631
_d125631